Modern Plant Pathology/ (Record no. 52088)

MARC details
000 -LEADER
fixed length control field 00456nam a22001577a 4500
003 - CONTROL NUMBER IDENTIFIER
control field OSt
008 - FIXED-LENGTH DATA ELEMENTS--GENERAL INFORMATION
fixed length control field 260615b |||||||| |||| 00| 0 eng d
020 ## - INTERNATIONAL STANDARD BOOK NUMBER
International Standard Book Number 9788177545340
082 ## - DEWEY DECIMAL CLASSIFICATION NUMBER
Classification number 581.2
Item number D81M
100 ## - MAIN ENTRY--PERSONAL NAME
Personal name Dube, H.C.
245 ## - TITLE STATEMENT
Title Modern Plant Pathology/
Remainder of title by H.C. Dube
260 ## - PUBLICATION, DISTRIBUTION, ETC. (IMPRINT)
Place of publication, distribution, etc Jodhpur :
Name of publisher, distributor, etc Agrobios (India),
Date of publication, distribution, etc 2025.
300 ## - PHYSICAL DESCRIPTION
Extent 576 p.
650 ## - SUBJECT ADDED ENTRY--TOPICAL TERM
Topical term or geographic name as entry element Pure SCiences | Botanical Sciences | Plant Pathology | Plant Diseases
942 ## - ADDED ENTRY ELEMENTS (KOHA)
Source of classification or shelving scheme
Koha item type Books
942 ## - ADDED ENTRY ELEMENTS (KOHA)
-- 1
Holdings
Withdrawn status Lost status Source of classification or shelving scheme Damaged status Not for loan Home library Current library Shelving location Date acquired Source of acquisition Total Checkouts Full call number Barcode Checked out Date last seen Date last borrowed Bill Date Koha item type Bill Number
          Dr. Rajendra Prasad Central Agricultural University Pusa, Dr. Rajendra Prasad Central Agricultural University Pusa, General Stacks 15/06/2026 Agrobios (India) 1 581.2 D81M 88292 11/07/2026 27/06/2026 27/06/2026 22/01/2026 Books 2026.01.22
Hosted, Implemented, Customized & Maintained by: BestBookBuddies

Powered by Koha